<?xml version="1.0" encoding="UTF-8"?>
<record
    xmlns:xsi="http://www.w3.org/2001/XMLSchema-instance"
    xsi:schemaLocation="http://www.loc.gov/MARC21/slim http://www.loc.gov/standards/marcxml/schema/MARC21slim.xsd"
    xmlns="http://www.loc.gov/MARC21/slim">

  <leader>01123cam a2200289 a 4500</leader>
  <controlfield tag="001">83793</controlfield>
  <controlfield tag="003">BD-RjUL</controlfield>
  <controlfield tag="005">20240521125631.0</controlfield>
  <controlfield tag="008">240521s20001981ii            000 0 urdo </controlfield>
  <datafield tag="020" ind1=" " ind2=" ">
    <subfield code="c">Rs7.00</subfield>
  </datafield>
  <datafield tag="035" ind1=" " ind2=" ">
    <subfield code="a">(BD-RjUL)83793</subfield>
  </datafield>
  <datafield tag="040" ind1=" " ind2=" ">
    <subfield code="a">DLC</subfield>
    <subfield code="c">DLC</subfield>
    <subfield code="d">DLC</subfield>
    <subfield code="b">eng</subfield>
  </datafield>
  <datafield tag="041" ind1=" " ind2=" ">
    <subfield code="a">urd</subfield>
  </datafield>
  <datafield tag="082" ind1=" " ind2=" ">
    <subfield code="2">23</subfield>
    <subfield code="a">891.43901</subfield>
    <subfield code="b">TAD 2000</subfield>
  </datafield>
  <datafield tag="110" ind1=" " ind2=" ">
    <subfield code="a">&#x62A;&#x627;&#x644;&#x649;&#x641;&#x60C; &#x62A;&#x631;&#x642;&#x6CC; &#x627;&#x631;&#x62F;&#x648; &#x628;&#x649;&#x648;&#x631;&#x648;., Taraqq&#x12B;-yi Urd&#x16B; Biy&#x16B;ro (India) / Taraqq&#x12B;-yi Urd&#x16B; Biy&#x16B;ro t&#x101;l&#x12B;f</subfield>
    <subfield code="9">13110</subfield>
  </datafield>
  <datafield tag="245" ind1="0" ind2="0">
    <subfield code="a">&#x62F;&#x631;&#x633; &#x628;&#x644;&#x627;&#x63A;&#x62A; / Dars-i bal&#x101;g&#x332;h&#x332;at /</subfield>
    <subfield code="c">Authors:&#x62A;&#x627;&#x644;&#x649;&#x641;&#x60C; &#x62A;&#x631;&#x642;&#x6CC; &#x627;&#x631;&#x62F;&#x648; &#x628;&#x649;&#x648;&#x631;&#x648;., Taraqq&#x12B;-yi Urd&#x16B; Biy&#x16B;ro (India) / Taraqq&#x12B;-yi Urd&#x16B; Biy&#x16B;ro t&#x101;l&#x12B;f</subfield>
  </datafield>
  <datafield tag="250" ind1=" " ind2=" ">
    <subfield code="a">First. edition</subfield>
  </datafield>
  <datafield tag="260" ind1=" " ind2=" ">
    <subfield code="a">Na&#x2BC;&#x12B; Dihl&#x12B; :</subfield>
    <subfield code="b">Biy&#x16B;ro,</subfield>
    <subfield code="c">2000.</subfield>
  </datafield>
  <datafield tag="300" ind1=" " ind2=" ">
    <subfield code="a">192 p. ;</subfield>
    <subfield code="c">23 cm.</subfield>
  </datafield>
  <datafield tag="500" ind1=" " ind2=" ">
    <subfield code="a">In Urdu.</subfield>
  </datafield>
  <datafield tag="650" ind1=" " ind2="0">
    <subfield code="a">Urdu language</subfield>
    <subfield code="x">Versification.</subfield>
    <subfield code="9">13113</subfield>
  </datafield>
  <datafield tag="710" ind1="2" ind2=" ">
    <subfield code="a">Taraqq&#x12B;-yi Urd&#x16B; Biy&#x16B;ro (India)</subfield>
    <subfield code="9">13114</subfield>
  </datafield>
  <datafield tag="906" ind1=" " ind2=" ">
    <subfield code="a">7</subfield>
    <subfield code="b">cbc</subfield>
    <subfield code="c">orignew</subfield>
    <subfield code="d">4</subfield>
    <subfield code="e">ncip</subfield>
    <subfield code="f">19</subfield>
    <subfield code="g">y-gencatlg</subfield>
  </datafield>
  <datafield tag="942" ind1=" " ind2=" ">
    <subfield code="2">ddc</subfield>
    <subfield code="c">BK</subfield>
  </datafield>
  <datafield tag="999" ind1=" " ind2=" ">
    <subfield code="c">83793</subfield>
    <subfield code="d">83793</subfield>
  </datafield>
  <datafield tag="952" ind1=" " ind2=" ">
    <subfield code="0">0</subfield>
    <subfield code="1">0</subfield>
    <subfield code="2">ddc</subfield>
    <subfield code="4">0</subfield>
    <subfield code="7">1</subfield>
    <subfield code="8">NFIC</subfield>
    <subfield code="a">RUCL</subfield>
    <subfield code="b">RUCL</subfield>
    <subfield code="c">Reading</subfield>
    <subfield code="d">1963-01-09</subfield>
    <subfield code="e">Asiatic Thought Tulip </subfield>
    <subfield code="g">7.00</subfield>
    <subfield code="l">0</subfield>
    <subfield code="o">U 891.43901 TAD 2000</subfield>
    <subfield code="r">2024-05-21 00:00:00</subfield>
    <subfield code="t">C-1</subfield>
    <subfield code="w">2024-05-21</subfield>
    <subfield code="y">BK</subfield>
  </datafield>
</record>
